02295nas a22002417a 4500999001700000005001700017007001200034008004100046022001500087040000900102082001600111245009400127260003800221300001600259310001500275365001600290500150500306650014101811651001601952655002001968856003501988942003002023 c40819d4081920200521140526.0cz aa aaaaa200428c f||poo|||| 00| 0 eng d a 2664-729X coclc a796bJOU/PE aInternational Journal of Sports, Exercise and Physical Educationhe-Journal (Open Access) bPrime PublicationsaDelhi, India  aPDF(online) aSemiannual eOpen Access aInternational Journal of Sports, Exercise and Physical Education considers review and research articles related to: Adapted Physical Activity, Aerobic Exercise, Biophysical Investigation of Sports Performance, Combat Sports and Martial Arts, Design of sports Devices, Fitness-Tools Manufacturing Researches, Exercise Physiology, Games, Health Education, Individual Sports, Kinanthropometry, Kinesiology, Kinesiology, Market trends in sports, Military sports, Movement Science, Nutrition in Sports and Exercise, Philosophy of Sport, Physical Education, Physical Exercise and Health, Physical Fitness, Physiotherapy, Political Science of Sport, Sports Facilities, Sports History, Sports Information, Sports Medicine, Sports Therapy, Sports Injuries and Prevention (Spinal Injuries and Deformities, Rehabilitation, Arthoplasty, Arthritis, Autoimmune Connective Tissue Diseases & Disorders, Cartilage Regeneration, Musculoskeletal Physiotherapy, Injury Management, Foot & Ankle Disorders, Neuromotor Psychology, Neurorehabilitation Techniques, Orthopedics and Osteopathy, Muscle Hypertrophy), Sports Management, Sports Pedagogy, Sports Biomechanics, Sports Business & Sports Development, Sports in public/private sector, Sports Law, Sports Management, Sports Nutrition, Sports Psychology, Sports Science, Sports Sociology, Sports Statistics, Sports Tourism, Sports Training, Strength and Conditioning, Stress Management, Training and Judgements, Trekking & Bouldering, and Meditation & Yogic Psychology.  092462aPhysical Education and SportsbArts & recreationvRecreational & performing artxAthletic & outdoor sports & games 092254aIndia 092257ae-Journal uhttp://www.sportsjournals.net/ 2ddccEJh796k796mJOU/PE